Duże liczby - Statystyki

Ogólne statystyki
  • Ten quiz został rozwiązany 133 razy
  • Średni wynik to 11 z 20
Statystyki odpowiedzi
Liczba Nazwa % Poprawnych
1 000 000 000 Miliard
99%
1 000 000 Milion
99%
1 000 000 000 000 Bilion
91%
1 000 000 000 000 000 000 Trylion
85%
1 000 000 000 000 000 Biliard
84%
1 000 000 000 000 000 000 000 Tryliard
82%
1 000 000 000 000 000 000 000 000 000 000 000 000 Sekstylion
52%
1 000 000 000 000 000 000 000 000 000 000 Kwintylion
45%
1 000 000 000 000 000 000 000 000 Kwadrylion
44%
1 000 000 000 000 000 000 000 000 000 000 000 Kwintyliard
42%
1 000 000 000 000 000 000 000 000 000 000 000 000 000 000 000 000 Oktylion
40%
1 000 000 000 000 000 000 000 000 000 000 000 000 000 Sekstyliard
39%
1 000 000 000 000 000 000 000 000 000 Kwadryliard
38%
1 000 000 000 000 000 000 000 000 000 000 000 000 000 000 000 000 000 Oktyliard
38%
1 000 000 000 000 000 000 000 000 000 000 000 000 000 000 000 Septyliard
34%
1 000 000 000 000 000 000 000 000 000 000 000 000 000 000 Septylion
34%
1 000 000 000 000 000 000 000 000 000 000 000 000 000 000 000 000 000 000 000 000 Decylion
33%
1 000 000 000 000 000 000 000 000 000 000 000 000 000 000 000 000 000 000 000 000 000 Decyliard
31%
1 000 000 000 000 000 000 000 000 000 000 000 000 000 000 000 000 000 000 000 Nonyliard
25%
1 000 000 000 000 000 000 000 000 000 000 000 000 000 000 000 000 000 000 Nonylion
25%
Nie znaleziono quizów pasujących do podanych kryteriów
Rozkład punktacji
Procent ludzi z każdym wynikiem
Percentyl według liczby udzielonych odpowiedzi
Twoja historia wyników
Nie rozwiązałeś tego quizu